00224nam a2200097Ia 4500008004100000041001200041100001900053245004200072260000600114650000600120221030s9999 xx 000 0 und d aEnglish aY. P. Kanetkar 0aLet us C Solutionscby Y. P. Kanetkar c0 aB